| 000 | 00935nam a2200229 a 4500 | ||
|---|---|---|---|
| 005 | 20170323020002.0 | ||
| 008 | 151217b2009 ck |||||rm||| 00| 0 spa d | ||
| 040 |
_aCO-BoIAVH _cCO-BoIAVH |
||
| 041 | _aspa | ||
| 044 | _ack | ||
| 090 |
_aTE _b0192 |
||
| 100 | 1 | _aTrujillo Arias, Natalia | |
| 245 | 1 | 0 | _aCaracterización genética de la tortuga carey (Eretmochelys imbricata (Linnaeus 1766)) en Colombia, basada en la región control de ADNmt. |
| 260 |
_aArmenia: _bUniversidad del Quindio, _c2009. |
||
| 300 | _a67 páginas. | ||
| 502 | _aTrabajo de grado presentado para optar al título de Bióloga por la Universidad del Quindío | ||
| 650 | 1 | 4 |
_aTortuga carey _vtesis, disertaciones _xcaracterización _zColombia |
| 700 | 1 |
_aAmorocho, Diego Fernando _eDirector |
|
| 700 | 1 |
_aMejía-Ladino, Luz Marina _eCo-directora |
|
| 700 | 1 |
_aLópez, Diana Carolina _eCo-directora |
|
| 942 |
_cTESIS _2z _02 |
||
| 999 |
_c6858 _d6858 |
||